<?xml version="1.0" encoding="UTF-8"?>
<record
    xmlns:xsi="http://www.w3.org/2001/XMLSchema-instance"
    xsi:schemaLocation="http://www.loc.gov/MARC21/slim http://www.loc.gov/standards/marcxml/schema/MARC21slim.xsd"
    xmlns="http://www.loc.gov/MARC21/slim">

  <leader>03884ncm0a2200505   4500</leader>
  <controlfield tag="001">RU\NLR\ONIZ\212706</controlfield>
  <controlfield tag="005">20250624195756.0</controlfield>
  <datafield tag="013" ind1=" " ind2=" ">
    <subfield code="a">979-0-66006-119-0</subfield>
  </datafield>
  <datafield tag="021" ind1=" " ind2=" ">
    <subfield code="a">RU</subfield>
    <subfield code="b">13-379&#x43D;</subfield>
    <subfield code="9">13-23&#x43D;</subfield>
  </datafield>
  <datafield tag="035" ind1=" " ind2=" ">
    <subfield code="a">RU\NLR\ONIZ\GALA\5000025551\20150928191330</subfield>
  </datafield>
  <datafield tag="035" ind1=" " ind2=" ">
    <subfield code="a">(NLR Aleph) 010892214</subfield>
  </datafield>
  <datafield tag="071" ind1="2" ind2="0">
    <subfield code="a">16085</subfield>
  </datafield>
  <datafield tag="090" ind1=" " ind2=" ">
    <subfield code="a">10560476</subfield>
    <subfield code="c">10560476</subfield>
  </datafield>
  <datafield tag="100" ind1=" " ind2=" ">
    <subfield code="a">20150415d2013    |||y0rusy50      ca</subfield>
  </datafield>
  <datafield tag="101" ind1="0" ind2=" ">
    <subfield code="a">rus</subfield>
  </datafield>
  <datafield tag="102" ind1=" " ind2=" ">
    <subfield code="a">RU</subfield>
  </datafield>
  <datafield tag="125" ind1=" " ind2=" ">
    <subfield code="a">ax</subfield>
  </datafield>
  <datafield tag="200" ind1="1" ind2=" ">
    <subfield code="a">&#x410;&#x43B;&#x44C;&#x431;&#x43E;&#x43C; &#x43F;&#x44C;&#x435;&#x441; &#x434;&#x43B;&#x44F; &#x444;&#x43E;&#x440;&#x442;&#x435;&#x43F;&#x438;&#x430;&#x43D;&#x43E;</subfield>
    <subfield code="b">&#x41D;&#x43E;&#x442;&#x44B;</subfield>
    <subfield code="d">Album of pieces for piano</subfield>
    <subfield code="h">&#x412;&#x44B;&#x43F;. 2</subfield>
    <subfield code="z">eng</subfield>
    <subfield code="f">&#x418;. &#x421;. &#x411;&#x430;&#x445;</subfield>
    <subfield code="g">&#x441;&#x43E;&#x441;&#x442;. &#x438; &#x440;&#x435;&#x434;. &#x41B;. &#x420;&#x43E;&#x439;&#x437;&#x43C;&#x430;&#x43D;</subfield>
  </datafield>
  <datafield tag="210" ind1=" " ind2=" ">
    <subfield code="a">&#x41C;&#x43E;&#x441;&#x43A;&#x432;&#x430;</subfield>
    <subfield code="c">&#x41C;&#x443;&#x437;&#x44B;&#x43A;&#x430;</subfield>
    <subfield code="d">2013</subfield>
  </datafield>
  <datafield tag="215" ind1=" " ind2=" ">
    <subfield code="a">79 &#x441;.</subfield>
    <subfield code="d">29 &#x441;&#x43C;</subfield>
  </datafield>
  <datafield tag="225" ind1="1" ind2=" ">
    <subfield code="a">&#x41A;&#x43B;&#x430;&#x441;&#x441;&#x438;&#x43A;&#x438; &#x434;&#x43B;&#x44F; &#x432;&#x441;&#x435;&#x445;</subfield>
  </datafield>
  <datafield tag="313" ind1=" " ind2=" ">
    <subfield code="a">&#x421;&#x438;&#x441;&#x442;&#x435;&#x43C;&#x430;&#x442;&#x438;&#x437;&#x430;&#x446;&#x438;&#x44F; &#x434;&#x43E;&#x43A;&#x443;&#x43C;&#x435;&#x43D;&#x442;&#x430; &#x43F;&#x440;&#x43E;&#x432;&#x435;&#x434;&#x435;&#x43D;&#x430; &#x43F;&#x43E; &#x438;&#x437;&#x434;&#x430;&#x43D;&#x438;&#x44E; - &#x41C;&#x435;&#x442;&#x43E;&#x434;&#x438;&#x43A;&#x430; &#x43A;&#x43B;&#x430;&#x441;&#x441;&#x438;&#x444;&#x438;&#x446;&#x438;&#x440;&#x43E;&#x432;&#x430;&#x43D;&#x438;&#x44F; &#x43C;&#x443;&#x437;&#x44B;&#x43A;&#x430;&#x43B;&#x44C;&#x43D;&#x44B;&#x445; &#x43F;&#x440;&#x43E;&#x438;&#x437;&#x432;&#x435;&#x434;&#x435;&#x43D;&#x438;&#x439; (&#x43D;&#x43E;&#x442;&#x43D;&#x44B;&#x445; &#x438;&#x437;&#x434;&#x430;&#x43D;&#x438;&#x439;) &#x43F;&#x43E; &#x442;&#x430;&#x431;&#x43B;&#x438;&#x446;&#x430;&#x43C; &#x411;&#x438;&#x431;&#x43B;&#x438;&#x43E;&#x442;&#x435;&#x447;&#x43D;&#x43E;-&#x431;&#x438;&#x431;&#x43B;&#x438;&#x43E;&#x433;&#x440;&#x430;&#x444;&#x438;&#x447;&#x435;&#x441;&#x43A;&#x438;&#x445; &#x43A;&#x43B;&#x430;&#x441;&#x441;&#x438;&#x444;&#x438;&#x43A;&#x430;&#x446;&#x438;&#x439; : &#x43C;&#x435;&#x442;&#x43E;&#x434;. &#x440;&#x435;&#x43A;&#x43E;&#x43C;&#x435;&#x43D;&#x434;&#x430;&#x446;&#x438;&#x438; / &#x413;&#x43E;&#x441;. &#x431;-&#x43A;&#x430; &#x421;&#x421;&#x421;&#x420; &#x438;&#x43C;. &#x412;.&#x418;. &#x41B;&#x435;&#x43D;&#x438;&#x43D;&#x430;.- &#x41C;., 1977. &#x418;&#x43D;&#x434;&#x435;&#x43A;&#x441;&#x443; &#x411;&#x411;&#x41A; &#x43C;&#x435;&#x442;&#x43E;&#x434;&#x438;&#x447;&#x435;&#x441;&#x43A;&#x438;&#x445; &#x440;&#x435;&#x43A;&#x43E;&#x43C;&#x435;&#x43D;&#x434;&#x430;&#x446;&#x438;&#x439; &#x43F;&#x440;&#x438;&#x441;&#x432;&#x430;&#x438;&#x432;&#x430;&#x435;&#x442;&#x441;&#x44F; &#x43A;&#x43E;&#x434; &#x411;&#x411;&#x41A; &#x434;&#x43B;&#x44F; &#x43D;&#x430;&#x443;&#x447;&#x43D;&#x44B;&#x445; &#x431;&#x438;&#x431;&#x43B;&#x438;&#x43E;&#x442;&#x435;&#x43A; - LBC/SL</subfield>
  </datafield>
  <datafield tag="327" ind1="1" ind2=" ">
    <subfield code="a">1. &#x424;&#x430;&#x43D;&#x442;&#x430;&#x437;&#x438;&#x44F; : BWV 906;</subfield>
    <subfield code="a">2. &#x41F;&#x440;&#x435;&#x43B;&#x44E;&#x434;&#x438;&#x44F;, &#x444;&#x443;&#x433;&#x430; &#x438; &#x430;&#x43B;&#x43B;&#x435;&#x433;&#x440;&#x43E; : BWV 998;</subfield>
    <subfield code="a">3. &#x421;&#x430;&#x440;&#x430;&#x431;&#x430;&#x43D;&#x434;&#x430; &#x441; &#x432;&#x430;&#x440;&#x438;&#x430;&#x446;&#x438;&#x44F;&#x43C;&#x438; : BWV 990;</subfield>
    <subfield code="a">4. &#x41F;&#x440;&#x435;&#x43B;&#x44E;&#x434;&#x438;&#x44F; &#x438; &#x444;&#x443;&#x433;&#x430; : &#x438;&#x437; &#x421;&#x43E;&#x43D;&#x430;&#x442;&#x44B; &#x43B;&#x44F; &#x43C;&#x438;&#x43D;. : BWV 965;</subfield>
    <subfield code="a">5. &#x424;&#x443;&#x433;&#x430; &#x43D;&#x430; &#x442;&#x435;&#x43C;&#x443; &#x422;&#x43E;&#x43C;&#x430;&#x437;&#x43E; &#x410;&#x43B;&#x44C;&#x431;&#x438;&#x43D;&#x43E;&#x43D;&#x438; : BWV 951;</subfield>
    <subfield code="a">6. &#x41F;&#x440;&#x435;&#x43B;&#x44E;&#x434;&#x438;&#x44F; &#x438; &#x444;&#x443;&#x433;&#x430; : BWV 894.</subfield>
    <subfield code="a">7. &#x422;&#x43E;&#x43A;&#x43A;&#x430;&#x442;&#x430; &#x438; &#x444;&#x443;&#x433;&#x430; &#x434;&#x43B;&#x44F; &#x43E;&#x440;&#x433;&#x430;&#x43D;&#x430; : &#x440;&#x435; &#x43C;&#x438;&#x43D;. : BWV 565 / &#x43E;&#x431;&#x440;&#x430;&#x431;. &#x434;&#x43B;&#x44F; &#x444;&#x43F;. &#x410;. &#x41D;&#x435;&#x43C;&#x435;&#x440;&#x43E;&#x432;&#x441;&#x43A;&#x43E;&#x433;&#x43E;</subfield>
  </datafield>
  <datafield tag="464" ind1=" " ind2="0">
    <subfield code="1">2001#$a&#x424;&#x430;&#x43D;&#x442;&#x430;&#x437;&#x438;&#x44F;$eBWV 906</subfield>
    <subfield code="1">215##$a&#x421;.3-7</subfield>
    <subfield code="t">&#x424;&#x430;&#x43D;&#x442;&#x430;&#x437;&#x438;&#x44F;</subfield>
  </datafield>
  <datafield tag="464" ind1=" " ind2="0">
    <subfield code="1">2001#$a&#x41F;&#x440;&#x435;&#x43B;&#x44E;&#x434;&#x438;&#x44F;, &#x444;&#x443;&#x433;&#x430; &#x438; &#x430;&#x43B;&#x43B;&#x435;&#x433;&#x440;&#x43E;$eBWV 998</subfield>
    <subfield code="1">215##$a&#x421;.8-18</subfield>
    <subfield code="t">&#x41F;&#x440;&#x435;&#x43B;&#x44E;&#x434;&#x438;&#x44F;, &#x444;&#x443;&#x433;&#x430; &#x438; &#x430;&#x43B;&#x43B;&#x435;&#x433;&#x440;&#x43E;</subfield>
  </datafield>
  <datafield tag="464" ind1=" " ind2="0">
    <subfield code="1">2001#$a&#x421;&#x430;&#x440;&#x430;&#x431;&#x430;&#x43D;&#x434;&#x430; &#x441; &#x432;&#x430;&#x440;&#x438;&#x430;&#x446;&#x438;&#x44F;&#x43C;&#x438;$eBWV 990</subfield>
    <subfield code="1">215##$a&#x421;.19-37</subfield>
    <subfield code="t">&#x421;&#x430;&#x440;&#x430;&#x431;&#x430;&#x43D;&#x434;&#x430; &#x441; &#x432;&#x430;&#x440;&#x438;&#x430;&#x446;&#x438;&#x44F;&#x43C;&#x438;</subfield>
  </datafield>
  <datafield tag="464" ind1=" " ind2="0">
    <subfield code="1">2001#$a&#x41F;&#x440;&#x435;&#x43B;&#x44E;&#x434;&#x438;&#x44F; &#x438; &#x444;&#x443;&#x433;&#x430;$e&#x438;&#x437; &#x421;&#x43E;&#x43D;&#x430;&#x442;&#x44B; &#x43B;&#x44F; &#x43C;&#x438;&#x43D;.$eBWV 965</subfield>
    <subfield code="1">215##$a&#x421;.38-44</subfield>
    <subfield code="t">&#x41F;&#x440;&#x435;&#x43B;&#x44E;&#x434;&#x438;&#x44F; &#x438; &#x444;&#x443;&#x433;&#x430;</subfield>
  </datafield>
  <datafield tag="464" ind1=" " ind2="0">
    <subfield code="1">2001#$a&#x424;&#x443;&#x433;&#x430; &#x43D;&#x430; &#x442;&#x435;&#x43C;&#x443; &#x422;&#x43E;&#x43C;&#x430;&#x437;&#x43E; &#x410;&#x43B;&#x44C;&#x431;&#x438;&#x43D;&#x43E;&#x43D;&#x438;$eBWV 951</subfield>
    <subfield code="1">215##$a&#x421;.45-51</subfield>
    <subfield code="1">702#1$9z01790$a&#x410;&#x43B;&#x44C;&#x431;&#x438;&#x43D;&#x43E;&#x43D;&#x438;$b&#x422;. &#x414;.$g&#x422;&#x43E;&#x43C;&#x430;&#x437;&#x43E; &#x414;&#x436;&#x43E;&#x432;&#x430;&#x43D;&#x43D;&#x438;$f1671-1751$4230</subfield>
    <subfield code="1">790#1$9z01702$aAlbinoni$bT. G.$gTomaso Giovanni$f1671-1751$4230$7ba</subfield>
    <subfield code="t">&#x424;&#x443;&#x433;&#x430; &#x43D;&#x430; &#x442;&#x435;&#x43C;&#x443; &#x422;&#x43E;&#x43C;&#x430;&#x437;&#x43E; &#x410;&#x43B;&#x44C;&#x431;&#x438;&#x43D;&#x43E;&#x43D;&#x438;</subfield>
  </datafield>
  <datafield tag="464" ind1=" " ind2="0">
    <subfield code="1">2001#$a&#x41F;&#x440;&#x435;&#x43B;&#x44E;&#x434;&#x438;&#x44F; &#x438; &#x444;&#x443;&#x433;&#x430;$eBWV 894</subfield>
    <subfield code="1">215##$a&#x421;.52-68</subfield>
    <subfield code="t">&#x41F;&#x440;&#x435;&#x43B;&#x44E;&#x434;&#x438;&#x44F; &#x438; &#x444;&#x443;&#x433;&#x430;</subfield>
  </datafield>
  <datafield tag="464" ind1=" " ind2="0">
    <subfield code="1">2001#$a&#x422;&#x43E;&#x43A;&#x43A;&#x430;&#x442;&#x430; &#x438; &#x444;&#x443;&#x433;&#x430; &#x434;&#x43B;&#x44F; &#x43E;&#x440;&#x433;&#x430;&#x43D;&#x430;$e&#x440;&#x435; &#x43C;&#x438;&#x43D;.$eBWV 565$f&#x43E;&#x431;&#x440;&#x430;&#x431;. &#x434;&#x43B;&#x44F; &#x444;&#x43F;. &#x410;. &#x41D;&#x435;&#x43C;&#x435;&#x440;&#x43E;&#x432;&#x441;&#x43A;&#x43E;&#x433;&#x43E;</subfield>
    <subfield code="1">215##$a&#x421;.69-79</subfield>
    <subfield code="1">702#1$a&#x41D;&#x435;&#x43C;&#x435;&#x440;&#x43E;&#x432;&#x441;&#x43A;&#x438;&#x439;$b&#x410;.$4030</subfield>
    <subfield code="t">&#x422;&#x43E;&#x43A;&#x43A;&#x430;&#x442;&#x430; &#x438; &#x444;&#x443;&#x433;&#x430; &#x434;&#x43B;&#x44F; &#x43E;&#x440;&#x433;&#x430;&#x43D;&#x430;</subfield>
  </datafield>
  <datafield tag="606" ind1="1" ind2=" ">
    <subfield code="a">&#x41F;&#x43E;&#x43B;&#x438;&#x444;&#x43E;&#x43D;&#x438;&#x447;&#x435;&#x441;&#x43A;&#x438;&#x435; &#x43F;&#x440;&#x43E;&#x438;&#x437;&#x432;&#x435;&#x434;&#x435;&#x43D;&#x438;&#x44F; &#x434;&#x43B;&#x44F; &#x444;&#x43E;&#x440;&#x442;&#x435;&#x43F;&#x438;&#x430;&#x43D;&#x43E;</subfield>
    <subfield code="y">&#x413;&#x435;&#x440;&#x43C;&#x430;&#x43D;&#x438;&#x44F;</subfield>
    <subfield code="z">18 &#x432;.</subfield>
    <subfield code="j">&#x41D;&#x43E;&#x442;&#x44B;</subfield>
    <subfield code="2">nlr_sh</subfield>
  </datafield>
  <datafield tag="686" ind1=" " ind2=" ">
    <subfield code="a">&#x429;954.2-045&#x44F;44(4&#x413;)</subfield>
    <subfield code="v">LBC/SL</subfield>
    <subfield code="2">rubbk</subfield>
  </datafield>
  <datafield tag="700" ind1=" " ind2="1">
    <subfield code="9">z01790</subfield>
    <subfield code="a">&#x411;&#x430;&#x445;</subfield>
    <subfield code="b">&#x418;. &#x421;.</subfield>
    <subfield code="f">1685-1750</subfield>
    <subfield code="g">&#x418;&#x43E;&#x433;&#x430;&#x43D;&#x43D; &#x421;&#x435;&#x431;&#x430;&#x441;&#x442;&#x44C;&#x44F;&#x43D;</subfield>
    <subfield code="4">230</subfield>
    <subfield code="7">ca</subfield>
  </datafield>
  <datafield tag="702" ind1=" " ind2="1">
    <subfield code="9">z01790</subfield>
    <subfield code="a">&#x420;&#x43E;&#x439;&#x437;&#x43C;&#x430;&#x43D;</subfield>
    <subfield code="b">&#x41B;.&#x418;.</subfield>
    <subfield code="f">1915-1989</subfield>
    <subfield code="g">&#x41B;&#x435;&#x43E;&#x43D;&#x438;&#x434; &#x418;&#x441;&#x430;&#x430;&#x43A;&#x43E;&#x432;&#x438;&#x447;</subfield>
    <subfield code="4">340</subfield>
    <subfield code="7">ca</subfield>
  </datafield>
  <datafield tag="790" ind1=" " ind2="1">
    <subfield code="9">z01700</subfield>
    <subfield code="a">Bach</subfield>
    <subfield code="b">J. S.</subfield>
    <subfield code="f">1685-1750</subfield>
    <subfield code="g">Johann Sebastian</subfield>
    <subfield code="4">230</subfield>
    <subfield code="7">ba</subfield>
  </datafield>
  <datafield tag="790" ind1=" " ind2="1">
    <subfield code="9">z01702</subfield>
    <subfield code="a">Rojzman</subfield>
    <subfield code="b">L. I.</subfield>
    <subfield code="f">1915-1989</subfield>
    <subfield code="g">Leonid Isaakovi&#x10D;</subfield>
    <subfield code="4">340</subfield>
    <subfield code="7">ba</subfield>
  </datafield>
  <datafield tag="801" ind1=" " ind2="0">
    <subfield code="a">RU</subfield>
    <subfield code="b">NLR</subfield>
    <subfield code="c">20150415</subfield>
    <subfield code="g">PSBO</subfield>
  </datafield>
  <datafield tag="801" ind1=" " ind2="1">
    <subfield code="a">RU</subfield>
    <subfield code="b">NLR</subfield>
    <subfield code="c">20150415</subfield>
    <subfield code="2">rusmarc</subfield>
  </datafield>
  <datafield tag="801" ind1=" " ind2="2">
    <subfield code="a">RU</subfield>
    <subfield code="b">NLR</subfield>
    <subfield code="c">20190630</subfield>
  </datafield>
  <datafield tag="852" ind1=" " ind2=" ">
    <subfield code="a">NLR</subfield>
    <subfield code="b">&#x41C;</subfield>
    <subfield code="j">&#x41A;-3/26538(2)</subfield>
    <subfield code="p">&#x41C;&#x41E;&#x42D; 2013-23&#x43D;/379&#x43D;</subfield>
    <subfield code="t">1</subfield>
  </datafield>
  <datafield tag="852" ind1=" " ind2=" ">
    <subfield code="a">NLR</subfield>
    <subfield code="b">&#x41C;</subfield>
    <subfield code="j">&#x41A;-3/26538(2)&#x430;</subfield>
    <subfield code="p">&#x41C;&#x41E;&#x42D; 2013-23&#x43D;/379&#x43D;&#x430;</subfield>
    <subfield code="t">2</subfield>
  </datafield>
  <datafield tag="942" ind1=" " ind2=" ">
    <subfield code="c">SCORE</subfield>
  </datafield>
  <datafield tag="980" ind1=" " ind2=" ">
    <subfield code="a">NB</subfield>
  </datafield>
  <datafield tag="980" ind1=" " ind2=" ">
    <subfield code="a">ONIZ</subfield>
  </datafield>
  <datafield tag="995" ind1=" " ind2=" ">
    <subfield code="5">2015-04-15</subfield>
    <subfield code="b">NLR01</subfield>
    <subfield code="c">NLR01</subfield>
    <subfield code="e">ONIZ</subfield>
    <subfield code="k">&#x41A;-3/26538(2) &#x41A;-3/26538(2)</subfield>
    <subfield code="o">0</subfield>
    <subfield code="r">SCORE</subfield>
    <subfield code="s">3265382_3265382</subfield>
  </datafield>
  <datafield tag="995" ind1=" " ind2=" ">
    <subfield code="5">2015-04-15</subfield>
    <subfield code="b">NLR01</subfield>
    <subfield code="c">NLR01</subfield>
    <subfield code="e">ONIZ</subfield>
    <subfield code="k">&#x41A;-3/26538(2)&#x430; &#x41A;-3/26538(2)&#x430;</subfield>
    <subfield code="o">0</subfield>
    <subfield code="r">SCORE</subfield>
    <subfield code="s">3265382_3265382</subfield>
  </datafield>
</record>
